Clarity projekt - projekt Rady pre medzinárodné štandardy pre audit a uisťovacie služby (IAASB) zameraný na zrozumiteľnosť štandardov
Rada pre medzinárodné štandardy a uisťovacie služvy (IAASB) - vydávanie štandardov (Medzinárodné audítorské štandardy, Medzinárodné štandardy na zákazky na preverenie, Medzinárodné štandardy na zákazky na uisťovacie služby, Medzinárodné štandardy na súvisiace služby). Štandardy majú byť jasné, zrozu...
Salvato in:
| Autore principale: | |
|---|---|
| Natura: | Capitolo di libro |
| Lingua: | slovacco |
| Soggetti: | |
| Tags: |
Nessun Tag, puoi essere il primo ad aggiungerne!!
|
MARC
| LEADER | 00000naa$a2200000$$$4500 | ||
|---|---|---|---|
| 001 | 0094655 | ||
| 005 | 20240502072043.6 | ||
| 041 | 0 | |a slo | |
| 044 | |a SK | ||
| 245 | 1 | 0 | |a Clarity projekt - projekt Rady pre medzinárodné štandardy pre audit a uisťovacie služby (IAASB) zameraný na zrozumiteľnosť štandardov |c Ladislav Kareš |
| 520 | |a Rada pre medzinárodné štandardy a uisťovacie služvy (IAASB) - vydávanie štandardov (Medzinárodné audítorské štandardy, Medzinárodné štandardy na zákazky na preverenie, Medzinárodné štandardy na zákazky na uisťovacie služby, Medzinárodné štandardy na súvisiace služby). Štandardy majú byť jasné, zrozumiteľné a majú sa dať dôsledne uplatňovať. Aspekty zrozumiteľnosti prispievajú k zvyšovaniu kvality a jednotnosti audítorskej praxe na celom svete. | ||
| 610 | 2 | 0 | |a štandardy |
| 610 | 2 | 0 | |a štandardy audítorské medzinárodné |
| 610 | 2 | 0 | |a projekty |
| 100 | 1 | |a Kareš, Ladislav | |